[Event "RUS-ChT L1"]
[Site "Sochi RUS"]
[Date "2008.04.05"]
[Round "3"]
[White "Nevostrujev, Vladimir"]
[Black "Pridorozhni, Aleksei"]
[Result "1-0"]
[WhiteElo "2469"]
[BlackElo "2519"]
[EventDate "2008.04.03"]
[PlyCount "99"]

1.e4 e5 2.Nf3 Nc6 3.Bb5 Nf6 4.O-O Nxe4 5.d4 Nd6 6.Bxc6 dxc6 7.dxe5 Nf5 8.
Qxd8+ Kxd8 9.Nc3 Bd7 10.h3 Be7 11.Bg5 h6 12.Bxe7+ Nxe7 13.Rad1 Kc8 14.Rd2 
c5 15.Ne1 b6 16.f4 g6 17.Nf3 Be6 18.Kf2 Kb7 19.Rfd1 Kc6 20.a3 a5 21.a4 Kb7
22.Nb5 Rae8 23.Rd7 Bxd7 24.Rxd7 Kb8 25.e6 Nc6 26.exf7 Re4 27.Rxc7 Nd4 28.
Rd7 Rxf4 29.Re7 Rd8 30.c3 Nxb5 31.axb5 Kc8 32.Ke3 Rf6 33.Ne5 Rd1 34.Re8+ 
Kc7 35.f8=Q Re1+ 36.Kd2 Rxf8 37.Re7+ Kd6 38.Kxe1 Rf5 39.Nxg6 Rg5 40.Rb7 c4
41.Rxb6+ Kc5 42.Rf6 Rxg2 43.Rf5+ Kb6 44.Ne7 Rxb2 45.Nd5+ Ka7 46.Ne3 a4 47.
Nxc4 Rb3 48.Kd2 a3 49.b6+ Kb8 50.Rf8+ 1-0

[Event "RUS-ChT L1"]
[Site "Sochi RUS"]
[Date "2008.04.05"]
[Round "3"]
[White "Nikitin, Andrey"]
[Black "Gasanov, Eldar"]
[Result "1/2-1/2"]
[WhiteElo "2471"]
[BlackElo "2541"]
[EventDate "2008.04.03"]
[PlyCount "58"]

1.d4 Nf6 2.c4 e6 3.Nf3 d5 4.Nc3 c6 5.cxd5 exd5 6.Bg5 Bf5 7.Qb3 b5 8.e3 Be7
9.a4 bxa4 10.Qxa4 O-O 11.Be2 Qb6 12.Ra2 Nbd7 13.O-O Bd6 14.Rc1 a5 15.Nh4 
Be6 16.Qc2 Ne4 17.Nxe4 dxe4 18.Bc4 Rfe8 19.Bxe6 Rxe6 20.Nf5 Bb4 21.Bf4 Qb5
22.Ng3 g5 23.Bc7 Rc8 24.Be5 Nxe5 25.dxe5 Qxe5 26.Rd1 Rce8 27.Raa1 f5 28.
Rd4 c5 29.Rd7 R8e7 1/2-1/2

[Event "RUS-ChT L1"]
[Site "Sochi RUS"]
[Date "2008.04.05"]
[Round "3"]
[White "Novik, Maxim"]
[Black "Ogloblin, Nikolay"]
[Result "0-1"]
[WhiteElo "2468"]
[BlackElo "2355"]
[EventDate "2008.04.03"]
[PlyCount "84"]

1.Nf3 Nf6 2.c4 b6 3.g3 Bb7 4.Bg2 e6 5.O-O c5 6.b3 Be7 7.Bb2 d6 8.e3 Nbd7 
9.Nc3 O-O 10.d3 Qc7 11.Qe2 Rac8 12.e4 Qb8 13.Nd2 Ne5 14.f4 Nc6 15.Rae1 Nd4
16.Qd1 Nd7 17.Ne2 Nc6 18.Nf3 Bf6 19.Bc1 g6 20.g4 Bg7 21.g5 Qc7 22.Be3 Rce8
23.Qd2 a6 24.h4 f5 25.exf5 exf5 26.Bf2 d5 27.Bg3 Qd6 28.Rd1 Re7 29.Rfe1 
Rfe8 30.Kf1 Nf8 31.Neg1 Rxe1+ 32.Rxe1 Rxe1+ 33.Kxe1 Ne6 34.Ne2 dxc4 35.
dxc4 Ncd4 36.Nexd4 cxd4 37.Ne5 Be4 38.Nd3 a5 39.Qe2 Qc6 40.Kf1 Nc5 41.Ne5 
Bxe5 42.fxe5 d3 0-1

[Event "RUS-ChT L1"]
[Site "Sochi RUS"]
[Date "2008.04.05"]
[Round "3"]
[White "Pigusov, Evgeny"]
[Black "Smirnov, Pavel"]
[Result "1/2-1/2"]
[WhiteElo "2558"]
[BlackElo "2599"]
[EventDate "2008.04.03"]
[PlyCount "22"]

1.Nf3 c5 2.c4 Nf6 3.g3 b6 4.Bg2 Bb7 5.O-O e6 6.Nc3 Be7 7.d4 cxd4 8.Qxd4 d6
9.Rd1 a6 10.b3 Nbd7 11.Bb2 O-O 1/2-1/2

[Event "RUS-ChT L1"]
[Site "Sochi RUS"]
[Date "2008.04.05"]
[Round "3"]
[White "Raetsky, Alexander"]
[Black "Airapetian, Gor"]
[Result "0-1"]
[WhiteElo "2424"]
[BlackElo "2318"]
[EventDate "2008.04.03"]
[PlyCount "96"]

1.c4 e6 2.d4 d5 3.Nf3 Nf6 4.g3 dxc4 5.Bg2 a6 6.O-O Nc6 7.e3 Rb8 8.Qe2 b5 
9.b3 cxb3 10.axb3 Be7 11.Rd1 O-O 12.Bb2 Bb7 13.Nc3 Nb4 14.e4 Nd7 15.h4 Re8
16.Rac1 Rc8 17.Ne5 Bd6 18.Rd2 Qe7 19.Nxd7 Qxd7 20.Rcd1 Rcd8 21.Kh2 f5 22.
Qh5 Rf8 23.f4 Be7 24.d5 exd5 25.Nxd5 Nxd5 26.exd5 Bf6 27.Ba3 Rfe8 28.Bc5 
Bc3 29.Rd3 b4 30.Bd4 Bxd4 31.Rxd4 a5 32.R1d2 g6 33.Qd1 Qd6 34.h5 Re3 35.
R4d3 Re7 36.Bf3 Rde8 37.Qa1 Ba6 38.Rd4 Re3 39.Kg2 Rxb3 40.h6 Qf8 41.d6 
Rxf3 42.Kxf3 Bb7+ 43.Kf2 Qxh6 44.Qg1 cxd6 45.Rxd6 Qh5 46.g4 fxg4 47.Rd8 
Qc5+ 48.Kf1 Qc4+ 0-1

[Event "RUS-ChT L1"]
[Site "Sochi RUS"]
[Date "2008.04.05"]
[Round "3"]
[White "Rodin, Dmitrij"]
[Black "Gubajdullin, Alexey"]
[Result "1-0"]
[WhiteElo "2456"]
[BlackElo "2504"]
[EventDate "2008.04.03"]
[PlyCount "74"]

1.e4 c5 2.Nf3 g6 3.d4 cxd4 4.Nxd4 Nf6 5.Nc3 d6 6.Be3 Bg7 7.f3 Nc6 8.Qd2 
O-O 9.O-O-O d5 10.exd5 Nxd5 11.Nxc6 bxc6 12.Bd4 e5 13.Bc5 Be6 14.Ne4 Re8 
15.g4 h6 16.h4 Qc7 17.g5 h5 18.Rh2 Nf4 19.Qc3 Bd5 20.Rhd2 Qd7 21.Qe3 Qe6 
22.c4 Bxe4 23.Qxe4 Qc8 24.Rd6 Qa6 25.Ba3 Rac8 26.c5 Qb7 27.Bc4 Rc7 28.Bb4 
Bf8 29.Rf6 Rd7 30.Rxd7 Qxd7 31.Rxf4 Re6 32.Bxe6 Qxe6 33.Rf6 Qxa2 34.Rxc6 
Qa1+ 35.Kc2 Qa4+ 36.Kd3 Bg7 37.Bc3 Qb5+ 1-0

[Event "RUS-ChT L1"]
[Site "Sochi RUS"]
[Date "2008.04.05"]
[Round "3"]
[White "Shorokhov, Alexandr"]
[Black "Batsanin, Dmitry"]
[Result "1-0"]
[WhiteElo "2465"]
[BlackElo "2474"]
[EventDate "2008.04.03"]
[PlyCount "60"]

1.e4 c5 2.Nf3 Nc6 3.d4 cxd4 4.Nxd4 Nf6 5.Nc3 e5 6.Ndb5 d6 7.a4 a6 8.Na3 
Bg4 9.Qd2 Rc8 10.Bc4 Nb4 11.O-O Be7 12.b3 O-O 13.Bb2 Qc7 14.Kh1 Qc5 15.f4 
exf4 16.Qxf4 Qh5 17.Rae1 Be6 18.Nd5 Nbxd5 19.exd5 Nxd5 20.Qg3 g6 21.Qd3 
Rxc4 22.Nxc4 Nc7 23.Nxd6 Qd5 24.Qc3 f6 25.Ne4 Ne8 26.Qe3 Qc6 27.Ng5 fxg5 
28.Rxf8+ Kxf8 29.Qxe6 Qxe6 30.Rxe6 Bd8 1-0

[Event "RUS-ChT L1"]
[Site "Sochi RUS"]
[Date "2008.04.05"]
[Round "3"]
[White "Shuraev, Andrei"]
[Black "Genba, Vladimir"]
[Result "1/2-1/2"]
[WhiteElo "2409"]
[BlackElo "2429"]
[EventDate "2008.04.03"]
[PlyCount "112"]

1.c4 e6 2.g3 d5 3.Bg2 c5 4.Nf3 Nc6 5.O-O Nf6 6.d4 Be7 7.cxd5 exd5 8.dxc5 
Bxc5 9.Bg5 O-O 10.Nc3 d4 11.Bxf6 Qxf6 12.Nd5 Qd8 13.Nd2 Re8 14.Rc1 Bf8 15.
Nc4 Bg4 16.Re1 g6 17.h3 Bf5 18.Nf4 Bh6 19.Qb3 Rb8 20.Qa3 Be4 21.Bxe4 Rxe4 
22.Qf3 f5 23.Nd2 Bxf4 24.gxf4 Re7 25.Rc5 Qd6 26.b4 d3 27.Rd5 Qxb4 28.Rxd3 
Rd8 29.Rxd8+ Nxd8 30.Qd5+ Nf7 31.e3 Qd6 32.Qxd6 Nxd6 33.Rc1 Kf7 34.Kf1 Ke6
35.Ke2 Kd5 36.Kd3 Ne4 37.Nxe4 fxe4+ 38.Ke2 b5 39.f3 exf3+ 40.Kxf3 a5 41.
Rd1+ Kc4 42.e4 b4 43.e5 a4 44.Ke4 b3 45.axb3+ axb3 46.f5 gxf5+ 47.Kxf5 
Rf7+ 48.Kg5 b2 49.e6 Ra7 50.Rb1 Kc3 51.Kf6 Ra1 52.Rxb2 Kxb2 53.e7 Re1 54.
Kf7 Rf1+ 55.Kg7 Re1 56.Kf7 Rf1+ 1/2-1/2

[Event "RUS-ChT L1"]
[Site "Sochi RUS"]
[Date "2008.04.05"]
[Round "3"]
[White "Smirnov, Artem"]
[Black "Papin, Vasily"]
[Result "1-0"]
[WhiteElo "2435"]
[BlackElo "2475"]
[EventDate "2008.04.03"]
[PlyCount "53"]

1.d4 d5 2.c4 c6 3.Nf3 Nf6 4.e3 e6 5.b3 Nbd7 6.Bb2 Bd6 7.Bd3 Qe7 8.Ne5 Bb4+
9.Nd2 dxc4 10.Nxc4 b5 11.Ne5 Bd6 12.Nxc6 Qf8 13.Bxb5 a6 14.Be2 Bb7 15.Bf3 
Nd5 16.Na5 Bc8 17.O-O Ba3 18.Bxa3 Qxa3 19.Ndc4 Qb4 20.e4 N5b6 21.Nc6 Qf8 
22.e5 Nxc4 23.bxc4 Qa3 24.Re1 Nb6 25.Re3 Qa4 26.Rb3 Nd7 27.Qc1 1-0

[Event "RUS-ChT L1"]
[Site "Sochi RUS"]
[Date "2008.04.05"]
[Round "3"]
[White "Tkachenko, Evgeniy"]
[Black "Kuzovkin, Alexander Vasilievi"]
[Result "0-1"]
[WhiteElo "2283"]
[BlackElo "2346"]
[EventDate "2008.04.03"]
[PlyCount "100"]

1.d4 Nf6 2.Nf3 g6 3.Bg5 Bg7 4.Nbd2 d6 5.e4 c6 6.Bd3 Nbd7 7.O-O e5 8.c3 h6 
9.Bh4 g5 10.Bg3 Nh5 11.Nc4 Qe7 12.dxe5 dxe5 13.Bc2 Nxg3 14.Nd6+ Kd8 15.
fxg3 Kc7 16.Nf5 Qc5+ 17.Kh1 Bf6 18.b4 Qf8 19.Bb3 Nb6 20.Nd2 h5 21.a4 Bxf5 
22.Rxf5 Qe7 23.Qf1 Rh6 24.a5 Nd7 25.Nc4 g4 26.a6 b5 27.Ne3 Rh7 28.Qf2 Bg5 
29.h4 gxh3 30.gxh3 h4 31.g4 f6 32.Rd1 Nb6 33.Ng2 Rd8 34.Qe2 Qe8 35.Rff1 
Rhd7 36.Rxd7+ Rxd7 37.Rd1 Rxd1+ 38.Qxd1 Qd7 39.Qf3 Qd2 40.Be6 Kd6 41.Bg8 
Bf4 42.Nxf4 exf4 43.Bb3 Ke5 44.Bf7 Nc4 45.Bxc4 bxc4 46.Kg1 Qe1+ 47.Kg2 
Qg3+ 48.Qxg3 fxg3 49.Kf3 g2 50.Kxg2 Kxe4 0-1

[Event "RUS-ChT L1"]
[Site "Sochi RUS"]
[Date "2008.04.05"]
[Round "3"]
[White "Venevtsev, Andrey"]
[Black "Morozov, Evgeny"]
[Result "0-1"]
[WhiteElo "2178"]
[BlackElo "2308"]
[EventDate "2008.04.03"]
[PlyCount "110"]

1.e4 c5 2.Nf3 d6 3.d4 cxd4 4.Nxd4 Nf6 5.Nc3 g6 6.Be3 Bg7 7.f3 O-O 8.Qd2 
Nc6 9.O-O-O Bd7 10.g4 Rc8 11.h4 Ne5 12.h5 Qa5 13.Nb3 Qc7 14.Be2 b5 15.Kb1 
b4 16.Nd5 Nxd5 17.exd5 a5 18.Nd4 Bf6 19.Bg5 Bxg5 20.Qxg5 f6 21.Qe3 g5 22.
f4 gxf4 23.Qxf4 Qc5 24.g5 Kh8 25.Rhg1 fxg5 26.Qxg5 Rf7 27.Ba6 Rb8 28.Nb3 
Qf2 29.Rdf1 Nf3 30.Qc1 Qh4 31.Qe3 Rbf8 32.Rg2 a4 33.Nc1 Qxh5 34.Be2 Qe5 
35.Qh6 Qf4 36.Qxf4 Rxf4 37.Bxf3 Rxf3 38.Re1 R8f7 39.Rge2 Bf5 40.Rxe7 Kg7 
41.Re8 b3 42.axb3 axb3 43.Nxb3 Rxb3 44.Rg1+ Kh6 45.Re6+ Kh5 46.Rxd6 Rb5 
47.Kc1 Ra7 48.Rg3 Ra1+ 49.Kd2 Rxb2 50.Rc6 Ra5 51.d6 Rd5+ 52.Kc1 Rb8 53.Rg2
Ra8 54.Kb2 Rd8 55.c4 Rb8+ 0-1

[Event "RUS-ChT L1"]
[Site "Sochi RUS"]
[Date "2008.04.05"]
[Round "3"]
[White "Voitsekhovsky, Stanislav"]
[Black "Olenin, Nikolay"]
[Result "1-0"]
[WhiteElo "2493"]
[BlackElo "2353"]
[EventDate "2008.04.03"]
[PlyCount "67"]

1.e4 e6 2.d3 d5 3.Nd2 Nf6 4.Ngf3 b6 5.c3 Bb7 6.Qc2 c5 7.Be2 Qc7 8.O-O Bd6 
9.Re1 O-O 10.Bf1 Nbd7 11.b3 Rae8 12.Bb2 Ng4 13.g3 f5 14.exd5 Bxd5 15.c4 
Ba8 16.Bg2 e5 17.Re2 Ndf6 18.h3 Nxf2 19.Rxf2 e4 20.dxe4 fxe4 21.Ng5 e3 22.
Rxf6 gxf6 23.Bxa8 Rxa8 24.Ne6 Qe7 25.Nxf8 exd2 26.Qxd2 Rxf8 27.Re1 Qc7 28.
Qd5+ Rf7 29.Bxf6 Kf8 30.Qg5 Qc6 31.Re6 Qd7 32.Re4 Qxh3 33.Bg7+ Rxg7 34.
Qd8+ 1-0

[Event "RUS-ChT L1"]
[Site "Sochi RUS"]
[Date "2008.04.05"]
[Round "3"]
[White "Vokarev, Sergey"]
[Black "Sokolov, Dmitri"]
[Result "1-0"]
[WhiteElo "2503"]
[BlackElo "2403"]
[EventDate "2008.04.03"]
[PlyCount "81"]

1.e4 c5 2.Nf3 Nc6 3.d4 cxd4 4.Nxd4 g6 5.c4 Bg7 6.Nc2 Nf6 7.Nc3 d6 8.Be2 
O-O 9.O-O Nd7 10.Bd2 Nc5 11.b4 Bxc3 12.Bxc3 Nxe4 13.Bb2 Qb6 14.b5 Ne5 15.
Ne3 Be6 16.Bd4 Qa5 17.f4 Nc3 18.Qd2 Nxe2+ 19.Qxe2 Nxc4 20.f5 Nxe3 21.Qxe3 
Bxf5 22.Rxf5 e5 23.Bc3 Qxb5 24.Rf6 Qd5 25.Raf1 Rac8 26.Kh1 Rc4 27.a3 a5 
28.Qd2 Qc5 29.Bxa5 Qxa3 30.Bb6 Qb3 31.Rxd6 Rc6 32.Bg1 Rxd6 33.Qxd6 Re8 34.
Qd7 Ra8 35.h3 Qc4 36.Re1 Qc3 37.Re3 Qb2 38.Rf3 f5 39.Qd5+ Kh8 40.Rb3 Qa1 
41.Qxb7 1-0

[Event "RUS-ChT L1"]
[Site "Sochi RUS"]
[Date "2008.04.05"]
[Round "3"]
[White "Yevseev, Denis"]
[Black "Zakharstov, Viacheslav V"]
[Result "1/2-1/2"]
[WhiteElo "2499"]
[BlackElo "2585"]
[EventDate "2008.04.03"]
[PlyCount "49"]

1.d4 Nf6 2.c4 e6 3.g3 c5 4.Nf3 cxd4 5.Nxd4 Bb4+ 6.Nc3 Ne4 7.Qd3 Qa5 8.Nb3 
Nxc3 9.Bd2 Ne4 10.Qxe4 Bxd2+ 11.Nxd2 O-O 12.Bg2 Nc6 13.Qe3 d5 14.O-O d4 
15.Qd3 Rd8 16.a3 Qc7 17.b4 a5 18.Qb3 e5 19.Qb2 Ne7 20.Rac1 Bg4 21.Ne4 axb4
22.axb4 b6 23.h3 Bf5 24.c5 Be6 25.Ng5 1/2-1/2

[Event "RUS-ChT L1"]
[Site "Sochi RUS"]
[Date "2008.04.05"]
[Round "3"]
[White "Zharov, Dmitry"]
[Black "Slupskiy, Sergey"]
[Result "0-1"]
[WhiteElo "2346"]
[BlackElo "2275"]
[EventDate "2008.04.03"]
[PlyCount "51"]

1.e4 e6 2.d4 d5 3.Nd2 dxe4 4.Nxe4 Nd7 5.Nf3 Ngf6 6.Nxf6+ Nxf6 7.c3 Be7 8.
Bd3 O-O 9.Qe2 c5 10.dxc5 Bxc5 11.Bg5 Be7 12.O-O-O Qc7 13.h4 Kh8 14.Ne5 Bd6
15.Bxf6 gxf6 16.Qh5 f5 17.Nf3 f6 18.g4 fxg4 19.Qxg4 Bc5 20.Rh2 b6 21.Rh3 
Bxf2 22.Kb1 Qf7 23.Rf1 e5 24.Bf5 Rg8 25.Qe4 Bb7 26.Nxe5 0-1

[Event "RUS-ChT L1"]
[Site "Sochi RUS"]
[Date "2008.04.06"]
[Round "4"]
[White "Babiy, Anatoly"]
[Black "Kostin, Alexey"]
[Result "1-0"]
[WhiteElo "2452"]
[BlackElo "2389"]
[EventDate "2008.04.03"]
[PlyCount "81"]

1.d4 Nf6 2.Nf3 e6 3.c4 c5 4.d5 exd5 5.cxd5 d6 6.Nc3 g6 7.e4 Bg7 8.Bb5+ Bd7
9.a4 O-O 10.O-O Bg4 11.Re1 Nbd7 12.Bf4 a6 13.Be2 Re8 14.Qc2 Qe7 15.h3 Bxf3
16.Bxf3 Rac8 17.a5 c4 18.Ra4 Ne5 19.Be2 Nfd7 20.Rb4 Rc7 21.Bg3 Rec8 22.Na4
Nc5 23.Bxe5 Bxe5 24.Nb6 Re8 25.Rxc4 Qh4 26.Bf1 Rce7 27.b4 Nd7 28.Nc8 Nf6 
29.Nxe7+ Rxe7 30.Qd3 Bh2+ 31.Kxh2 Ng4+ 32.Kg1 Qxf2+ 33.Kh1 Qxe1 34.hxg4 h5
35.Kg1 hxg4 36.Qc3 Qxc3 37.Rxc3 Rxe4 38.Rc4 Re7 39.Rxg4 Kg7 40.Kf2 f5 41.
Rc4 1-0

[Event "RUS-ChT L1"]
[Site "Sochi RUS"]
[Date "2008.04.06"]
[Round "4"]
[White "Gorovykh, Eduard"]
[Black "Kabanov, Nikolai"]
[Result "1/2-1/2"]
[WhiteElo "2402"]
[BlackElo "2517"]
[EventDate "2008.04.03"]
[PlyCount "61"]

1.d4 d5 2.c4 dxc4 3.e3 e5 4.Bxc4 exd4 5.exd4 Nf6 6.Nf3 Be7 7.O-O O-O 8.Ne5
Nbd7 9.Bf4 Nb6 10.Bb3 Nfd5 11.Bg3 Be6 12.Nc3 Nxc3 13.bxc3 Bxb3 14.axb3 c6 
15.Re1 Re8 16.Qf3 Qd5 17.c4 Qxf3 18.Nxf3 f6 19.Bc7 Kf7 20.Kf1 Rec8 21.Bf4 
Re8 22.Bd2 a6 23.h4 h5 24.Re3 Nc8 25.Ra5 g6 26.Rd3 Nd6 27.Bf4 Nf5 28.Ra1 
Rad8 29.Rad1 Bd6 30.Bxd6 Rxd6 31.g3 1/2-1/2

[Event "RUS-ChT L1"]
[Site "Sochi RUS"]
[Date "2008.04.06"]
[Round "4"]
[White "Iljin, Artem"]
[Black "Chadaev, Nikolay"]
[Result "1/2-1/2"]
[WhiteElo "2548"]
[BlackElo "2471"]
[EventDate "2008.04.03"]
[PlyCount "57"]

1.d4 Nf6 2.c4 g6 3.Nc3 Bg7 4.e4 d6 5.Nf3 O-O 6.Be2 Nc6 7.d5 Nb4 8.O-O e6 
9.Nd4 e5 10.Nf3 a5 11.a3 Na6 12.b4 Nh5 13.Ne1 Nf4 14.Bf3 f5 15.Rb1 Qe7 16.
Kh1 axb4 17.axb4 g5 18.exf5 e4 19.f6 Qxf6 20.Nxe4 Qg6 21.Nxg5 Qxb1 22.Be4 
Qa1 23.Bxh7+ Kh8 24.Nd3 Bf5 25.Nxf4 Bxh7 26.Qh5 Qb1 27.Nxh7 Qxh7 28.Ng6+ 
Kg8 29.Ne7+ 1/2-1/2

[Event "RUS-ChT L1"]
[Site "Sochi RUS"]
[Date "2008.04.06"]
[Round "4"]
[White "Maslak, Konstantin"]
[Black "Yudin, Sergei"]
[Result "1/2-1/2"]
[WhiteElo "2510"]
[BlackElo "2519"]
[EventDate "2008.04.03"]
[PlyCount "56"]

1.d4 d5 2.c4 e6 3.Nc3 c6 4.e4 dxe4 5.Nxe4 Bb4+ 6.Bd2 Qxd4 7.Bxb4 Qxe4+ 8.
Be2 Na6 9.Ba5 f6 10.Nf3 b6 11.Nd2 Qf5 12.Bh5+ g6 13.Bf3 Ne7 14.Bc3 e5 15.
Ne4 O-O 16.Qe2 Qe6 17.O-O-O Nf5 18.h4 Nc5 19.g4 Nd4 20.Bxd4 exd4 21.Rxd4 
f5 22.Rd6 fxe4 23.Rxe6 exf3 24.Qe3 Nxe6 25.h5 Nf4 26.Qe7 Rf7 27.Qe8+ Rf8 
28.Qe7 Rf7 1/2-1/2

[Event "RUS-ChT L1"]
[Site "Sochi RUS"]
[Date "2008.04.06"]
[Round "4"]
[White "Paveliev, Alexey"]
[Black "Neverov, Anatoly"]
[Result "1-0"]
[WhiteElo "2423"]
[BlackElo "2389"]
[EventDate "2008.04.03"]
[PlyCount "51"]

1.e4 e5 2.Bc4 Nf6 3.d3 Nc6 4.Nf3 Bc5 5.Nc3 d6 6.Na4 Bb6 7.Nxb6 axb6 8.c3 
Be6 9.Bxe6 fxe6 10.O-O O-O 11.d4 Nxe4 12.dxe5 d5 13.Nd4 Qh4 14.f3 Nc5 15.
Be3 Nxe5 16.b4 Ncd3 17.Qe2 Rae8 18.f4 c5 19.g3 Qg4 20.fxe5 Nxe5 21.bxc5 
bxc5 22.Qxg4 Nxg4 23.Nc2 Rxf1+ 24.Kxf1 h6 25.h3 Nxe3+ 26.Nxe3 1-0

[Event "RUS-ChT L1"]
[Site "Sochi RUS"]
[Date "2008.04.06"]
[Round "4"]
[White "Pridorozhni, Aleksei"]
[Black "Zacurdajev, Mikhail"]
[Result "1-0"]
[WhiteElo "2519"]
[BlackElo "2408"]
[EventDate "2008.04.03"]
[PlyCount "69"]

1.e4 e6 2.d4 d5 3.Nc3 Bb4 4.e5 c5 5.a3 Ba5 6.Bd2 Ne7 7.dxc5 Bxc3 8.Bxc3 
Qc7 9.Qg4 Qxc5 10.Bd3 Nbc6 11.Ne2 Ng6 12.f4 Qb6 13.O-O-O Bd7 14.h4 h5 15.
Qg5 Nge7 16.Qxg7 O-O-O 17.Qg3 d4 18.Bd2 Nf5 19.Qf2 Kb8 20.Ng3 Nxg3 21.Qxg3
Ne7 22.Qe1 Nd5 23.Ba5 Qc5 24.b4 Qc6 25.Bxd8 Rxd8 26.Be4 Qa6 27.Kb2 Ne3 28.
Rxd4 Nc4+ 29.Rxc4 Qxc4 30.Rh3 Qd4+ 31.Rc3 f5 32.exf6 Qxf6 33.g3 e5 34.Qe3 
Rf8 35.Qc5 1-0

[Event "RUS-ChT L1"]
[Site "Sochi RUS"]
[Date "2008.04.06"]
[Round "4"]
[White "Sergienko, Sergey"]
[Black "Batsanin, Dmitry"]
[Result "1/2-1/2"]
[WhiteElo "2449"]
[BlackElo "2474"]
[EventDate "2008.04.03"]
[PlyCount "52"]

1.d4 d5 2.c4 dxc4 3.Nf3 Nf6 4.e3 e6 5.Bxc4 c5 6.O-O a6 7.b3 cxd4 8.Nxd4 
Bd7 9.Bb2 Nc6 10.Nd2 Be7 11.Be2 O-O 12.Bf3 Rc8 13.Rc1 Nxd4 14.Bxd4 Bb5 15.
Nc4 Bc6 16.Bxc6 Rxc6 17.Qd2 Ne4 18.Qb2 f6 19.Rfd1 Qc7 20.Qb1 Nd6 21.Nxd6 
Bxd6 22.Rxc6 Qxc6 23.Rc1 Qd5 24.Qc2 Rd8 25.h3 Ba3 26.Bb2 Bxb2 1/2-1/2

[Event "RUS-ChT L1"]
[Site "Sochi RUS"]
[Date "2008.04.06"]
[Round "4"]
[White "Sokolov, Dmitri"]
[Black "Venevtsev, Andrey"]
[Result "1-0"]
[WhiteElo "2403"]
[BlackElo "2178"]
[EventDate "2008.04.03"]
[PlyCount "58"]

1.e4 e6 2.d4 d5 3.Nc3 Bb4 4.e5 c5 5.a3 Bxc3+ 6.bxc3 Qc7 7.Qg4 f5 8.Qg3 
cxd4 9.cxd4 Ne7 10.Bd2 O-O 11.Bd3 b6 12.Ne2 Ba6 13.Nf4 Qd7 14.h4 Bxd3 15.
Qxd3 Nbc6 16.Rh3 Rac8 17.Rg3 Rf7 18.c3 Na5 19.Nh5 Kh8 20.Bg5 Ng8 21.Kf1 
Nb3 22.Rb1 Qa4 23.Qd1 Qc4+ 24.Kg1 Na5 25.Nf4 h6 26.Qh5 Rb7 27.Nxe6 Qc6 28.
Nf4 Kh7 29.Bf6 Kh8 1-0

[Event "RUS-ChT L1"]
[Site "Sochi RUS"]
[Date "2008.04.07"]
[Round "5"]
[White "Airapetian, Gor"]
[Black "Kuligin, Evgeni"]
[Result "1/2-1/2"]
[WhiteElo "2318"]
[BlackElo "2336"]
[EventDate "2008.04.03"]
[PlyCount "39"]

1.e4 e6 2.d4 d5 3.Nc3 Nf6 4.e5 Nfd7 5.f4 c5 6.Nf3 Nc6 7.Be3 cxd4 8.Nxd4 
Bc5 9.Qd2 O-O 10.O-O-O a6 11.Nb3 Bb4 12.Bd3 b5 13.Qf2 Bxc3 14.bxc3 Rb8 15.
g4 d4 16.cxd4 Nb4 17.f5 Bb7 18.Rhf1 Re8 19.f6 Nxd3+ 20.Rxd3 1/2-1/2

[Event "RUS-ChT L1"]
[Site "Sochi RUS"]
[Date "2008.04.07"]
[Round "5"]
[White "Anisimov, Pavel"]
[Black "Mozharov, Mikhail"]
[Result "1-0"]
[WhiteElo "2485"]
[BlackElo "2434"]
[EventDate "2008.04.03"]
[PlyCount "98"]

1.e4 c5 2.Nf3 d6 3.d4 cxd4 4.Nxd4 Nf6 5.Nc3 a6 6.Be2 e5 7.Nb3 Be7 8.O-O 
O-O 9.a4 Nc6 10.Bg5 Be6 11.Bxf6 Bxf6 12.Nd5 Bg5 13.a5 Rc8 14.Bg4 g6 15.Nb6
Rc7 16.Bxe6 fxe6 17.Qg4 Qe7 18.c3 Nb8 19.Rad1 Bf6 20.Nd2 Nd7 21.Ndc4 Nxb6 
22.Nxb6 Rc6 23.Rd3 Bg7 24.Rfd1 Rf4 25.Qe2 Bf8 26.b4 Rf7 27.c4 Qg5 28.Rg3 
Qe7 29.Rf3 Rxf3 30.Qxf3 Qf7 31.Qg4 Rc7 32.Qe2 Qe8 33.g3 Qc6 34.Qg4 Qe8 35.
Kg2 Rg7 36.h4 h5 37.Qe2 g5 38.hxg5 Rxg5 39.Qf3 Be7 40.c5 dxc5 41.bxc5 h4 
42.Nc4 hxg3 43.fxg3 Rg7 44.Nxe5 Bh4 45.Ng4 Qg6 46.gxh4 Qxg4+ 47.Qxg4 Rxg4+
48.Kf3 Rxh4 49.Rd7 Rh5 1-0

[Event "RUS-ChT L1"]
[Site "Sochi RUS"]
[Date "2008.04.07"]
[Round "5"]
[White "Badmatsyrenov, Oleg"]
[Black "Genba, Vladimir"]
[Result "1-0"]
[WhiteElo "2343"]
[BlackElo "2429"]
[EventDate "2008.04.03"]
[PlyCount "80"]

1.e4 e5 2.Nf3 Nc6 3.Bc4 Bc5 4.c3 Nf6 5.d3 d6 6.b4 Bb6 7.d4 a5 8.b5 Ne7 9.
O-O O-O 10.Nbd2 Ng6 11.Re1 c6 12.Nf1 d5 13.exd5 cxd5 14.Bb3 h6 15.Be3 Bc7 
16.Ng3 b6 17.Bc1 Re8 18.Nd2 Bb7 19.Ndf1 Qd7 20.Nh5 Nh7 21.h3 Ng5 22.Bxg5 
hxg5 23.Rc1 Nf4 24.Nfg3 Bd6 25.Nf1 Re6 26.Nxf4 gxf4 27.Nd2 Rh6 28.Nf3 Qd8 
29.Bc2 Qf6 30.Nh2 Rh4 31.Bb3 Rd8 32.Nf3 Rh8 33.Nh2 g6 34.Qd2 Kg7 35.Bd1 
Rde8 36.Bf3 Qg5 37.Qd1 Rxh3 38.Bg4 Rh7 39.Nf1 f5 40.Bf3 Qh6 1-0

[Event "RUS-ChT L1"]
[Site "Sochi RUS"]
[Date "2008.04.07"]
[Round "5"]
[White "Batsanin, Dmitry"]
[Black "Danin, Alexandre"]
[Result "0-1"]
[WhiteElo "2474"]
[BlackElo "2480"]
[EventDate "2008.04.03"]
[PlyCount "111"]

1.e4 c6 2.d4 d5 3.e5 Bf5 4.Nf3 e6 5.Be2 Nd7 6.O-O Ne7 7.c3 h6 8.Na3 Bh7 9.
Nc2 Ng6 10.g3 f6 11.Re1 f5 12.h4 Be7 13.Kg2 Qc7 14.Rh1 O-O-O 15.h5 Ngf8 
16.Nce1 Bg8 17.a4 Nh7 18.Nd3 Ng5 19.Nh4 Bf7 20.Nf4 Nf8 21.Be3 c5 22.Qb1 
Kb8 23.f3 Rg8 24.Kf2 Rc8 25.Rc1 Qd8 26.Nhg2 g6 27.hxg6 Nxg6 28.Rh1 Qf8 29.
Nxg6 Bxg6 30.Nf4 Bf7 31.Qd3 Qg7 32.Rag1 Ka8 33.a5 Kb8 34.b3 h5 35.Rg2 Be8 
36.Bd2 a6 37.Qb1 Qf8 38.b4 cxb4 39.cxb4 Bb5 40.Rxh5 Bxe2 41.Nxe2 Qe8 42.
Rh6 Rc4 43.Rgh2 Ka7 44.R2h5 Qc6 45.Qd3 Rc2 46.Rh8 Rg7 47.R8h6 Ne4+ 48.fxe4
fxe4 49.Qe3 Rf7+ 50.Rf6 Bxf6 51.exf6 Rxf6+ 52.Nf4 Qc4 53.Ke1 Rb2 54.Kf2 
Qc2 55.Ke2 Rb1 56.Kf2 0-1

[Event "RUS-ChT L1"]
[Site "Sochi RUS"]
[Date "2008.04.07"]
[Round "5"]
[White "Belikov, Vladimir"]
[Black "Tseshkovsky, Vitaly"]
[Result "1/2-1/2"]
[WhiteElo "2553"]
[BlackElo "2504"]
[EventDate "2008.04.03"]
[PlyCount "59"]

1.d4 Nf6 2.Nf3 g6 3.g3 Bg7 4.Bg2 O-O 5.O-O d6 6.Nc3 Nbd7 7.e4 e5 8.Re1 a6 
9.a4 exd4 10.Nxd4 Re8 11.Bf4 Ne5 12.h3 Bd7 13.Nb3 Qc8 14.Kh2 b5 15.axb5 
axb5 16.Rxa8 Qxa8 17.Nd4 b4 18.Nd5 Nxd5 19.exd5 Ng4+ 20.hxg4 Rxe1 21.Qxe1 
Bxd4 22.c3 bxc3 23.bxc3 Bg7 24.g5 Qe8 25.Qxe8+ Bxe8 26.Bd2 Bb5 27.Be4 Kf8 
28.g4 Ke7 29.Kg3 Kd7 30.Bc2 1/2-1/2

[Event "RUS-ChT L1"]
[Site "Sochi RUS"]
[Date "2008.04.07"]
[Round "5"]
[White "Burmakin, Vladimir"]
[Black "Rodin, Dmitrij"]
[Result "1-0"]
[WhiteElo "2611"]
[BlackElo "2456"]
[EventDate "2008.04.03"]
[PlyCount "107"]

1.d4 Nf6 2.c4 e6 3.Nf3 Bb4+ 4.Bd2 a5 5.g3 b6 6.Bg2 Bb7 7.O-O O-O 8.Bf4 Be7
9.Qc2 c5 10.dxc5 bxc5 11.Nc3 d6 12.Rfd1 Qb6 13.Qb3 Nbd7 14.Qxb6 Nxb6 15.b3
Rfd8 16.a4 h6 17.Nb5 Ne8 18.Rac1 Nc8 19.Bd2 Nb6 20.Bc3 Nd7 21.Nd2 Bxg2 22.
Kxg2 Nb8 23.e4 Nc6 24.f4 Bf6 25.Nf3 Bxc3 26.Rxc3 Kf8 27.Rcd3 Ke7 28.Kf2 
Rab8 29.Ke3 Rb7 30.g4 Rbd7 31.h4 g6 32.g5 h5 33.Ng1 Nb4 34.R3d2 d5 35.cxd5
exd5 36.Nf3 d4+ 37.Kf2 Nd6 38.Nxd6 Rxd6 39.Ne5 Nc6 40.Nd3 Nb4 41.Nxc5 Rc8 
42.Nb7 Rd7 43.Nxa5 Rc3 44.Nc4 d3 45.Rb1 Rd4 46.Kf3 Rd8 47.Ne3 Kd6 48.Rbd1 
Rxb3 49.Nd5 Nxd5 50.Rxd3 Rxd3+ 51.Rxd3 Ra8 52.Rxd5+ Ke6 53.a5 Rb8 54.Rd3 
1-0

[Event "RUS-ChT L1"]
[Site "Sochi RUS"]
[Date "2008.04.07"]
[Round "5"]
[White "Chadaev, Nikolay"]
[Black "Yevseev, Denis"]
[Result "1/2-1/2"]
[WhiteElo "2471"]
[BlackElo "2499"]
[EventDate "2008.04.03"]
[PlyCount "90"]

1.e4 c6 2.d4 d5 3.f3 e6 4.Nc3 Bb4 5.Bf4 Ne7 6.Ne2 dxe4 7.fxe4 Ng6 8.Bg3 e5
9.dxe5 O-O 10.Qd4 Qe7 11.O-O-O Nd7 12.e6 fxe6 13.h4 Nb6 14.e5 Bc5 15.Qe4 
Nd5 16.Rd3 Rf5 17.Nd4 Ndf4 18.Nf3 Nxd3+ 19.Bxd3 Bd7 20.h5 Nf8 21.Qe2 h6 
22.Ne4 b6 23.Nd6 Bxd6 24.exd6 Qf6 25.Bxf5 exf5 26.Qe7 Re8 27.Qxf6 gxf6 28.
Bf4 Kg7 29.g3 Ne6 30.Re1 Ng5 31.Rxe8 Bxe8 32.Nh4 Bd7 33.Kd2 Kf7 34.Ng6 Be6
35.Ne7 c5 36.Nc6 Ke8 37.Nxa7 Kd7 38.Nb5 Bf7 39.Nc3 Ke6 40.a3 Bxh5 41.b4 
cxb4 42.axb4 Nf3+ 43.Ke3 Ne5 44.Nd5 Kxd5 45.Bxe5 Be8 1/2-1/2

[Event "RUS-ChT L1"]
[Site "Sochi RUS"]
[Date "2008.04.07"]
[Round "5"]
[White "Chuprov, Dmitry"]
[Black "Klimov, Anton"]
[Result "1/2-1/2"]
[WhiteElo "2596"]
[BlackElo "2351"]
[EventDate "2008.04.03"]
[PlyCount "70"]

1.e4 c5 2.Nf3 d6 3.d4 cxd4 4.Nxd4 Nf6 5.Nc3 a6 6.Be2 e5 7.Nb3 Be7 8.Bg5 
Be6 9.Bxf6 Bxf6 10.Qd3 O-O 11.O-O-O Be7 12.Kb1 Nd7 13.g3 b5 14.f4 Nb6 15.
f5 Bc4 16.Qf3 b4 17.Nd5 Bxd5 18.exd5 Na4 19.Qe4 Qb8 20.c4 Qb6 21.Bd3 f6 
22.g4 Nc5 23.Nxc5 Qxc5 24.Rhf1 Bd8 25.Bc2 Ra7 26.Ba4 Bb6 27.Rd3 Rc7 28.Bc6
Ra7 29.h4 Kh8 30.g5 Re7 31.Kc2 a5 32.Kd2 Ra7 33.Rg3 Re7 34.Rg2 Ba7 35.Rf3 
Bb6 1/2-1/2